| 000 | 00839nam a2200289Ia 4500 | ||
|---|---|---|---|
| 005 | 20251020182441.0 | ||
| 008 | 200515s9999 xx 000 0 und d | ||
| 020 | _a978-84-9048-261-2 | ||
| 082 | _a528.773/B39 | ||
| 100 | _aAnquela Julián, Ana | ||
| 100 | _aBerné Valero, José Luis | ||
| 100 | _aGarrido Villén, Natalia | ||
| 245 | 0 | _aGNSS. GPS : fundamentos y aplicaciones en Geomática | |
| 250 | _a1a ed. | ||
| 260 | _aValencia | ||
| 260 | _bUNIVERSIDAD POLITÉCNICA DE VALENCIA | ||
| 260 | _c2014 | ||
| 300 | _a441 p. | ||
| 300 | _bil., tbl., graf. | ||
| 500 | _a1 ejemplar | ||
| 520 | _aSe explican los fundamentos físicos y matemáticos del posicionamiento con técnicas GNSS (GPS, Glonass, Galileo y Beidou). | ||
| 650 | _aGEOMATICA | ||
| 650 | _aGNSS | ||
| 650 | _aGPS | ||
| 942 | _cLIB | ||
| 999 |
_c555 _d555 |
||